| 000 | 00796nac a22002291u 4500 | ||
|---|---|---|---|
| 010 | _a 94012668 | ||
| 020 | _a0471060674 (paper : acid-free paper) : | ||
| 082 | 0 | 0 |
_a005.265 _bHOB |
| 090 |
_c7100 _d7100 |
||
| 100 | _aHobuss, James J., | ||
| 245 | 1 | 0 |
_aApplication development with PowerBuilder / _cJames Hobuss. |
| 260 |
_aNew York : _bWiley,1994 _cc1994. |
||
| 300 |
_axxiii, 310 p. : _bill. ; _c24 cm. |
||
| 500 | _a"A Wiley-QED publication." | ||
| 500 | _aCover title: Application development using PowerBuilder. | ||
| 500 | _aIncludes index. | ||
| 500 | _adistributer by: Al-Ahram | ||
| 511 | _acatalogued by: wessam | ||
| 650 | 0 | _aApplication software. | |
| 740 | 0 | _aApplication development using PowerBuilder. | |
| 942 |
_cBB _k005.265HOB |
||
| 999 |
_c7100 _d7100 |
||